Central Library OPAC University of Rajshahi

সমুদ্র / (Record no. 74342)

MARC details
000 -LEADER
fixed length control field 01294nam a2200253 a 4500
001 - CONTROL NUMBER
control field 74342
003 - CONTROL NUMBER IDENTIFIER
rucl marc code BD-RjUL
005 - DATE AND TIME OF LATEST TRANSACTION
control field 20211209082535.0
008 - FIXED-LENGTH DATA ELEMENTS--GENERAL INFORMATION
fixed length control field 180722s2010 b a|||| |||| 00| 0 ben d
020 ## - INTERNATIONAL STANDARD BOOK NUMBER
International Standard Book Number 9789843322777
Terms of availability Tk.50.00
035 ## - SYSTEM CONTROL NUMBER
System control number (BD-RjUL)74560
040 ## - CATALOGING SOURCE
Original cataloging agency BD-RjUL
Language of cataloging eng
Transcribing agency BD-RjUL
041 ## - LANGUAGE CODE
Language code of text/sound track or separate title ben
082 ## - DEWEY DECIMAL CLASSIFICATION NUMBER
Edition number 23
Classification number 297
Author mark and year HUD 2010
100 1# - MAIN ENTRY--PERSONAL NAME
Personal name হুদা, সাইয়্যেদ হামিদ আলামুল
9 (RLIN) 221831
245 10 - TITLE STATEMENT
Title সমুদ্র /
Statement of responsibility, etc. সাইয়্যেদ হামিদ আলামুল হুদা ; অনুবাদ , মোঃ মাঈনউদ্দিন ; সম্পাদনা, আব্দুল কুদ্দুস বাদশা
260 ## - PUBLICATION, DISTRIBUTION, ETC. (IMPRINT)
Place of publication, distribution, etc. ঢাকা ঃ
Name of publisher, distributor, etc. কালচারাল কাউন্সেল ,
Date of publication, distribution, etc. ২০১০
300 ## - PHYSICAL DESCRIPTION
Pagination ২৪ পৃ. ঃ
Illustrations চিত্র ;
Size ২২ সেমি.
490 ## - SERIES STATEMENT
Series statement কিশোর সিরিজ : কোরানের সাথে
650 ## - SUBJECT ADDED ENTRY--TOPICAL TERM
Topical term or geographic name as entry element শিশুদের ইসলামিক ধর্মীয় শিক্ষা।
Form subdivision কিশোর সাহিত্য |
9 (RLIN) 192546
Topical term or geographic name as entry element Islamic religious education of children
Form subdivision Juvenile literature
9 (RLIN) 221832
700 ## - ADDED ENTRY--PERSONAL NAME
Personal name মাঈনউদ্দিন, মোঃ
942 ## - ADDED ENTRY ELEMENTS (KOHA)
Source of classification or shelving scheme Dewey Decimal Classification
Koha item type Books
Holdings
Lost status Source of classification or shelving scheme Damaged status Not for loan Collection code Permanent Location Current Location Shelving location Date acquired Source of acquisition Cost, normal purchase price Total Checkouts Full call number Date last seen Copy number Koha item type
  Dewey Decimal Classification   Not For Loan Non-fiction Central Library, University of Rajshahi Central Library, University of Rajshahi Reading Room 15/07/2018 islamic cultural counsellor embassy of Iran 50.00   B 297 HUD 2010 22/07/2018 C-1 Books